00457pab a2200157 454500008004000000100004200040245006000082260000900142300001500151362000800166650002500174650002000199650003100219650002100250773002800271180718b2017 xxu||||| |||| 00| 0 eng d aAboul-Ela, Ghadeer Mohamed Badr EIDin aReflections on workplace compassion and job performance c2017 ap.234-243. aSep aWorkplace compassion aJob performance aPersonnel - Service rating aJob satisfaction aJournal of Human Values